[Event "Paris-ch IdF"]
[Site "Paris"]
[Date "2023.07.14"]
[Round "5"]
[White "Bogner, Sebastian"]
[Black "Harshavardhan, GB."]
[Result "1/2-1/2"]
[WhiteElo "2533"]
[BlackElo "2405"]
[PlyCount "63"]
[EventDate "2023.07.11"]
[EventType "swiss"]
[EventRounds "9"]
[EventCountry "FRA"]
[SourceTitle "CBM 215 Extra"]
[Source "ChessBase"]
[SourceDate "2023.09.30"]
[SourceVersion "1"]
[SourceVersionDate "2023.09.30"]
[SourceQuality "1"]

1. d4 Nf6 2. c4 e6 3. Nf3 b6 4. g3 Ba6 5. b3 Bb4+ 6. Bd2 Be7 7. Nc3 d5 8. cxd5 exd5 9. Bg2 c6 10. Ne5 Nfd7 11. Nxd5 cxd5 12. Nxf7 Kxf7 13. Bxd5+ Kf8 14. Bxa8 Nf6 15. e3 h5 16. h4 Qd7 17. Bf3 Nc6 18. Be2 Bb7 19. f3 Bd6 20. Kf2 Qf7 21. Kg2 Qg6 22. Be1 Nd5 23. Qd2 Ncb4 24. Kh2 Nc2 25. Bf2 Ndxe3 26. Rac1 Ng4+ 27. fxg4 Qe4 28. d5 Bxd5 29. Qxd5 Qxd5 30. Rxc2 Rh6 31. Re1 hxg4 32. Kg1 1/2-1/2

[Event "Bundesliga 2223"]
[Site "Germany"]
[Date "2022.11.27"]
[Round "4.6"]
[White "Fedorchuk, Sergey A"]
[Black "Bogner, Sebastian"]
[Result "1-0"]
[WhiteElo "2619"]
[BlackElo "2548"]
[PlyCount "113"]
[EventDate "2022.10.21"]
[EventType "team-tourn"]
[EventRounds "15"]
[EventCountry "GER"]
[SourceTitle "CBM 211"]
[Source "ChessBase"]
[SourceDate "2022.12.31"]
[SourceVersion "1"]
[SourceVersionDate "2022.12.31"]
[SourceQuality "1"]
[WhiteTeam "Viernheim"]
[BlackTeam "Bayern Muenchen"]
[WhiteTeamCountry "GER"]
[BlackTeamCountry "GER"]

1. e4 e5 2. Nf3 Nf6 3. Nxe5 d6 4. Nf3 Nxe4 5. Bd3 Nf6 6. 0-0 Be7 7. h3 0-0 8. c3 d5 9. Bc2 Re8 10. d4 Bd6 11. Bg5 Nbd7 12. Nbd2 Nf8 13. Re1 Rxe1+ 14. Qxe1 h6 15. Bh4 Ng6 16. Bg3 Nf4 17. Qe3 N6h5 18. Bh2 Be6 19. Kh1 g5 20. Ne5 Qf6 21. Qf3 Ng7 22. Ng4 Bxg4 23. hxg4 Ne8 24. Nf1 c6 25. Re1 Be7 26. Re5 Ng7 27. Bxf4 gxf4 28. Qd3 Ne6 29. Nh2 Bd6 30. Rh5 Ng5 31. Nf3 Ne4 32. Kg1 Re8 33. Nh4 Ng5 34. Kf1 Qe6 35. Qd1 Bf8 36. Nf5 a6 37. Bd3 Bg7 38. Be2 Bf8 39. Bf3 Bg7 40. Be2 Bf8 41. g3 fxg3 42. Nxg3 Ne4 43. Nf5 Nd6 44. Ne3 Ne4 45. Ng2 Bd6 46. Bd3 Ng5 47. Ne3 Bf4 48. Nf5 Ne4 49. Kg2 Nd6 50. Qf3 Bc1 51. Qg3 Ne4 52. Qh2 Kf8 53. f4 Qg6 54. Nxh6 Bxb2 55. Qh4 f6 56. Nf5 Kf7 57. Rh6 1-0

[Event "EU-Cup 37th"]
[Site "Mayrhofen"]
[Date "2022.10.08"]
[Round "6.3"]
[White "Bogner, Sebastian"]
[Black "Amin, Bassem"]
[Result "0-1"]
[WhiteElo "2548"]
[BlackElo "2667"]
[PlyCount "112"]
[EventDate "2022.10.03"]
[EventType "team-swiss"]
[EventRounds "7"]
[EventCountry "AUT"]
[SourceTitle "CBM 210 Extra"]
[Source "ChessBase"]
[SourceDate "2022.11.30"]
[SourceVersion "1"]
[SourceVersionDate "2022.11.30"]
[SourceQuality "1"]
[WhiteTeam "Bayern Muenchen"]
[BlackTeam "Clichy Echecs 92"]
[WhiteTeamCountry "GER"]
[BlackTeamCountry "FRA"]

1. d4 Nf6 2. c4 g6 3. Nc3 Bg7 4. e4 d6 5. Be2 0-0 6. Be3 c5 7. d5 e6 8. Nf3 exd5 9. cxd5 Bg4 10. Nd2 Bxe2 11. Qxe2 Re8 12. 0-0 a6 13. a4 b6 14. h3 Nbd7 15. Bf4 Nxe4 16. Ndxe4 f5 17. Qc2 fxe4 18. Bxd6 Bxc3 19. Qxc3 Qf6 20. Qg3 Qxb2 21. Bc7 Qf6 22. Rab1 Ra7 23. d6 Rb7 24. Qg4 Qe6 25. Qe2 c4 26. Rfc1 b5 27. Rxc4 Qxc4 28. Qxc4+ bxc4 29. Rxb7 Kf7 30. Ra7 Re5 31. Kf1 c3 32. Ke2 c2 33. Kd2 Rc5 34. Kc1 Ke6 35. Rxa6 Rc4 36. Ra5 Nc5 37. Rxc5 Rxc5 38. a5 Rc6 39. g4 g5 40. Bd8 h6 41. Be7 Kf7 42. h4 gxh4 43. Bxh4 Rxd6 44. Kxc2 Rg6 45. Bg3 Rxg4 46. Kd2 h5 47. Ke3 h4 48. Bc7 h3 49. a6 Rg6 50. Kxe4 Rxa6 51. Kf3 Rg6 52. Ke2 Ke6 53. Kf1 Rg2 54. f3 Kd5 55. Bf4 Kd4 56. Bh6 Rg3 0-1

[Event "SUI-chT"]
[Site "Switzerland"]
[Date "2022.09.18"]
[Round "7.2"]
[White "Bogner, Sebastian"]
[Black "Willems, Niels"]
[Result "1-0"]
[WhiteElo "2553"]
[BlackElo "2338"]
[PlyCount "117"]
[EventDate "2022.05.01"]
[EventType "team-tourn"]
[EventRounds "9"]
[EventCountry "SUI"]
[SourceTitle "EXT 2023"]
[Source "ChessBase"]
[SourceDate "2022.10.05"]
[SourceVersion "1"]
[SourceVersionDate "2022.10.05"]
[SourceQuality "1"]
[WhiteTeam "Reti"]
[BlackTeam "Echallens"]
[WhiteTeamCountry "SUI"]
[BlackTeamCountry "SUI"]

1. d4 Nf6 2. c4 e6 3. Nf3 d5 4. g3 dxc4 5. Bg2 c5 6. 0-0 Nc6 7. Qa4 Bd7 8. Qxc4 b5 9. Qd3 Rc8 10. Nc3 cxd4 11. Nxd4 Nxd4 12. Qxd4 Bc5 13. Qd3 b4 14. Ne4 Nxe4 15. Bxe4 Qb6 16. Bf4 Bb5 17. Qf3 0-0 18. Rad1 Rfd8 19. Be5 Bf8 20. Rfe1 Qc5 21. Bf4 a6 22. Bb7 Rxd1 23. Rxd1 Qc2 24. Rd2 Qc1+ 25. Kg2 Bc6 26. Bxc6 Qxc6 27. Qxc6 Rxc6 28. Kf3 f6 29. Ke4 Kf7 30. Rd7+ Be7 31. Rc7 Rb6 32. b3 g5 33. Be3 Rb5 34. Ra7 a5 35. g4 Ke8 36. Kd3 h6 37. Kc4 Rd5 38. Bd4 f5 39. h3 Kf8 40. Ra8+ Kf7 41. Ra7 Ke8 42. e3 Bd8 43. Rh7 fxg4 44. hxg4 Rd6 45. Rxh6 Rc6+ 46. Kd3 Kd7 47. f4 Rc1 48. f5 exf5 49. gxf5 Rd1+ 50. Ke4 Rd2 51. Kd5 Rxa2 52. f6 Bxf6 53. Rxf6 a4 54. Rf7+ Ke8 55. Rb7 axb3 56. Rxb4 g4 57. Rxb3 g3 58. e4 g2 59. Rg3 1-0

[Event "SUI-chT"]
[Site "Switzerland"]
[Date "2022.09.04"]
[Round "5.1"]
[White "Bogner, Sebastian"]
[Black "Bauer, Christian"]
[Result "1/2-1/2"]
[WhiteElo "2553"]
[BlackElo "2596"]
[PlyCount "114"]
[EventDate "2022.05.01"]
[EventType "team-tourn"]
[EventRounds "9"]
[EventCountry "SUI"]
[SourceTitle "EXT 2023"]
[Source "ChessBase"]
[SourceDate "2022.10.05"]
[SourceVersion "1"]
[SourceVersionDate "2022.10.05"]
[SourceQuality "1"]
[WhiteTeam "Reti"]
[BlackTeam "Zuerich"]
[WhiteTeamCountry "SUI"]
[BlackTeamCountry "SUI"]

1. d4 f5 2. g3 Nf6 3. Bg2 d6 4. Nf3 g6 5. 0-0 Bg7 6. b3 0-0 7. Bb2 Ne4 8. Nbd2 Nc6 9. Ne1 d5 10. Ndf3 f4 11. c4 Be6 12. Rc1 Bh6 13. gxf4 Bxf4 14. e3 Bh6 15. cxd5 Bxd5 16. Nd3 e6 17. Qe2 Rf5 18. Nfe5 Qh4 19. f3 Nf6 20. e4 Rh5 21. h3 Qg3 22. exd5 Rxh3 23. Rf2 Nxd5 24. Ng4 Re8 25. Rc5 Re7 26. Kf1 Rh5 27. Nxh6+ Rxh6 28. Rxc6 bxc6 29. Qe5 Qh4 30. Bc1 Rh5 31. Qe4 Qf6 32. f4 Nc3 33. Qxc6 Qxd4 34. Rd2 Rf5 35. Nf2 Qb4 36. Rd8+ Rf8 37. Rxf8+ Kxf8 38. Bb2 Qb5+ 39. Qc4 Qxc4+ 40. bxc4 Nxa2 41. Ba3 Kf7 42. Bc6 e5 43. Bd5+ Ke8 44. Bxe7 Kxe7 45. fxe5 Nb4 46. Ke2 a5 47. Kd2 a4 48. Nd3 Nxd3 49. Kxd3 h5 50. Be4 Ke6 51. Bxg6 h4 52. Kc3 h3 53. Kb4 h2 54. Be4 Kxe5 55. Bd5 Kd4 56. Kxa4 c6 57. Bxc6 Kxc4 1/2-1/2

[Event "Olympiad-44"]
[Site "Chennai"]
[Date "2022.08.08"]
[Round "10.2"]
[White "Bogner, Sebastian"]
[Black "O'Gorman, Tom"]
[Result "1-0"]
[WhiteElo "2545"]
[BlackElo "2401"]
[PlyCount "95"]
[EventDate "2022.07.29"]
[EventType "team-swiss"]
[EventRounds "11"]
[EventCountry "IND"]
[SourceTitle "CBM 210"]
[Source "ChessBase"]
[SourceDate "2022.10.31"]
[SourceVersion "1"]
[SourceVersionDate "2022.10.31"]
[SourceQuality "1"]
[WhiteTeam "Switzerland"]
[BlackTeam "Ireland"]
[WhiteTeamCountry "SUI"]
[BlackTeamCountry "IRL"]

1. d4 Nf6 2. c4 g6 3. Nc3 d5 4. cxd5 Nxd5 5. e4 Nxc3 6. bxc3 Bg7 7. Qa4+ Qd7 8. Qa3 b6 9. Nf3 c5 10. Bb2 0-0 11. Bd3 Nc6 12. d5 e6 13. c4 Bxb2 14. Qxb2 exd5 15. exd5 Qe8+ 16. Be2 Na5 17. 0-0 Bg4 18. Rfe1 Bxf3 19. Bxf3 Qd7 20. Qc3 Rfe8 21. h4 h5 22. d6 Rad8 23. Qf6 Qf5 24. Rxe8+ Rxe8 25. d7 Qxd7 26. Bd5 Kf8 27. Qh8+ Ke7 28. Re1+ Kd8 29. Qf6+ Kc7 30. Qf4+ Kc8 31. Rxe8+ Qxe8 32. Bxf7 Qe2 33. Bd5 Qe7 34. g3 Nb7 35. Bf7 Qd6 36. Qe4 Qd1+ 37. Kg2 Nd6 38. Qc6+ Kd8 39. Bd5 Nf5 40. Qa8+ Ke7 41. Qxa7+ Kf6 42. Qxb6+ Kg7 43. Qc7+ Kh6 44. Qf4+ Kg7 45. Be4 Qd4 46. Bxf5 Qxf4 47. gxf4 gxf5 48. a4 1-0

[Event "Kiel Doppelbauer GM 2nd"]
[Site "Kiel"]
[Date "2022.07.02"]
[Round "5"]
[White "Hacker, Jonas"]
[Black "Bogner, Sebastian"]
[Result "1/2-1/2"]
[WhiteElo "2471"]
[BlackElo "2545"]
[PlyCount "24"]
[EventDate "2022.06.29"]
[EventType "tourn"]
[EventRounds "9"]
[EventCountry "GER"]
[EventCategory "10"]
[SourceTitle "CBM 209 Extra"]
[Source "ChessBase"]
[SourceDate "2022.09.30"]
[SourceVersion "1"]
[SourceVersionDate "2022.09.30"]
[SourceQuality "1"]

1. e4 c5 2. Nf3 e6 3. g3 Nc6 4. Bg2 Nf6 5. Qe2 e5 6. 0-0 Be7 7. Nc3 d6 8. Nd5 Be6 9. Ng5 Bd7 10. Nf3 Be6 11. Ng5 Bd7 12. Nf3 Be6 1/2-1/2